000 00473cam a2200169ua 4500
020 _c30.00
041 _aeng
_h
082 _a530.11
_bEDD/SP
100 _aEddington, Sir Arthur .
245 _aSpace, time, gravitation: An outline of the general relativity theory /
_cSir Arthur Eddington.
_hTextual Documents
260 _aCambridge :
_bUniversity Press ,
_c1959.
300 _a218 ; .
365 _a30.00
504 _a
942 _cBK
999 _c8775
_d8775